=LDR 00000nam 2200000 4500 =001 INLIS000000000044957 =005 20131008111030 =008 ***********************************ind** =035 ##$$a0010-101300000002879 =041 ##$$a ind =082 ##$$a 813 =090 ##$$a 813, Gun d =100 ##$$a Gunarti, Winny =245 ##$$a 20 unusual love stories, hikmah perjalanan cinta unik 15 perempuan dan 5 lelaki, Winny Gunarti =260 ##$$a 2010 $b Jakarta =300 ##$$a xiv, 192 hlm., ilus, 21 cm =650 ##$$a Fiksi Inbonwsia =850 ##$$a NBPNMAT =990 ##$$a 21195261/BPAP-NTB/2014